Život ve středověku

Bibliographic Details
Main Author: Goetz, Hans-Werner, 1947- (Author)
Other Authors: Váňa, Milan (Translator)
Format: Book
Language:Czech
German
PhysicalDescription:454 s. ilustr., faksim. 20 cm
Published: Jinočany H & H 2005
ISBN:8073190257
Edition:1. vyd.
Subjects:

MARC

LEADER 00000cam a2200000 a 4500
001 vtls008302355
003 SK-MaSNL
005 20260302074205.0
008 240315s2005 xr a f 001 0 cze
020 |a 8073190257  |q (viaz.) 
040 |a SNK  |b slo  |c SNK  |e AACR2 
041 1 |a cze  |h ger 
044 |a xr  |c CZ 
072 7 |a 94(100)"04/ ..."  |x Dejiny stredoveku a novoveku (všeobecne)  |2 konspekt 
080 |a 94"04/14"  |2 2001 
080 |a 316.728  |2 2001 
080 |a (048.8)  |2 2001 
100 1 |a Goetz, Hans-Werner,  |d 1947-  |4 aut  |9 135677 
240 1 0 |a Leben im Mittelalter (vom 7. bis zum 13. Jahrhundert)  |l Česky 
245 1 0 |a Život ve středověku  |c Hans-Werner Goetz ; [z německého originálu přeložil Milan Váňa] 
250 |a 1. vyd. 
260 |a Jinočany  |b H & H  |c 2005 
300 |a 454 s.  |b ilustr., faksim.  |c 20 cm 
650 0 7 |a každodenný život  |2 SNKPH  |9 4946 
650 0 7 |a stredovek  |2 SNKPH  |9 4259 
650 0 7 |a Everyday life  |2 SNKPHeng  |9 265105 
650 0 7 |a Middle Ages  |2 SNKPHeng  |9 263011 
655 7 |a štúdie  |2 SNKPH  |9 57033 
655 7 |a Studies  |2 SNKPHeng  |9 265573 
700 1 |a Váňa, Milan  |4 trl  |9 316675 
919 |a 80-7319-025-7 
999 |c 1164031  |d 1165961 
952 |t snkGOE 316.7  |a SNKUST  |b SNKUST  |y PREZ  |7 0  |p 17A0644038  |o snkIC 139431  |i snk2011/4173  |8 3  |g 15.44  |0 0  |1 0  |4 0  |d 2011-02-24  |l 0  |r 2025-04-29 00:00:00  |w 2026-02-24